[Event "Ivrea Eporediese op 26th"]
[Site "Ivrea"]
[Date "2009.01.15"]
[Round "1"]
[White "Razzano, Lorenzo"]
[Black "Vigliocco, Davide"]
[Result "1-0"]
[WhiteElo "1969"]
[BlackElo "1470"]
[PlyCount "47"]
[EventDate "2009.01.15"]
[EventType "swiss"]
[EventRounds "9"]
[EventCountry "ITA"]
[SourceTitle "EXT 2011"]
[Source "ChessBase"]
[SourceDate "2010.11.26"]
[SourceVersion "1"]
[SourceVersionDate "2010.11.26"]
[SourceQuality "1"]

1. e4 e6 2. d4 d5 3. e5 c5 4. Nf3 Nc6 5. Bd3 Qb6 6. 0-0 Bd7 7. Re1 cxd4 8. a3 a5 9. b3 Bc5 10. Bf4 Nge7 11. Nbd2 Na7 12. b4 axb4 13. axb4 Bxb4 14. Qe2 0-0 15. Bxh7+ Kxh7 16. Ng5+ Kg8 17. Qh5 Rfd8 18. Qh7+ Kf8 19. Qh8+ Ng8 20. Nh7+ Ke7 21. Bg5+ Nf6 22. Qxg7 Be8 23. Nxf6 Bxd2 24. Nxd5+ 1-0